000 00729cam a22002293a 4500
001 10649
003 PGUSA
005 20140828083227.0
008 040101s2004||||xxu|||||s|||||000 | eng d
040 _aPGUSA
_beng
042 _adc
050 4 _aD
100 1 _aLord, John,
_d1810-1894
245 1 0 _aBeacon Lights of History, Volume 14 :
_bThe New Era : A Supplementary Volume, by Recent Writers, as Set Forth in the Preface and Table of Contents
_h[electronic resource] /
_cJohn Lord
260 _bProject Gutenberg,
_c2004
506 _aPublic domain in the USA.
516 _aElectronic text
653 _aHistory
830 0 _aProject Gutenberg
_v10649
856 4 0 _uhttp://www.gutenberg.org/ebooks/10649
942 _cEB
999 _c239904
_d239904